ESTABILIDAD Y CAMBIO: PARADOJAS DEL SISTEMA POLITICO MEXICANOP/

INCLUYE BIBLIOGRAFIA

-д хадгалсан:
Номзүйн дэлгэрэнгүй
Үндсэн зохиолч: Levy, Daniel C. (autor)
Бусад зохиолчид: Szekely, Gabriel (autor) (autor)
Формат: Ном
Нөхцлүүд:
Шошгууд: Шошго нэмэх
Шошго байхгүй, Энэхүү баримтыг шошголох эхний хүн болох!

MARC

LEADER 00000nam^a2200000^a^4500
001 000224416
005 20250521000000.0
009 20260310104048.4
020 |a 968-12-0304-6 
035 |a 043240 
037 |a Acervo Xavier Clavigero 
082 |a 320. 972 LEV 
100 |a Levy, Daniel C.  |e (autor) 
245 1 0 |a ESTABILIDAD Y CAMBIO:  |b PARADOJAS DEL SISTEMA POLITICO MEXICANOP/  |c DANIEL LEVY, GABRIEL SZEKELY 
264 |a MEXICO :  |b EL COLEGIO DE MEXICO,  |c 1985 
300 |a 307p. 
336 |a texto  |b txt  |2 rdacontenido 
337 |a sin mediación  |b n  |2 rdamedio 
338 |a volumen  |b nc  |2 rdasoporte 
520 |a INCLUYE BIBLIOGRAFIA 
649 |a XX 
650 |a Política -  |z México 
650 |a Política Económica -  |z México 
650 |a Política Social -  |z México 
700 |a Szekely, Gabriel  |e (autor) 
910 |a Fondo General 
920 |a Impresos - Libros 
930 |a Colección General 
905 |a 101 
901 |a 043240  |b IT1  |c ACC  |i 043240  |u 20250521 
902 |a https://opac.biblio.iteso.mx/vufind/Record/000224416